000 00292nam a22001337a 4500
008 170906b xxu||||| |||| 00| 0 eng d
020 _a392434012
041 _ager
080 _a72
100 _a41
101 _aARK
245 _aRISC DIE MIPS-R3000-FAMILIE
_cJURGEN,H,R
942 _2udc
_cBK
999 _c26398
_d26398